Ranking WTA 2024 - Statystyki

Ogólne statystyki
  • Ten quiz został rozwiązany 231 razy
  • Średni wynik to 8 z 10
Statystyki odpowiedzi
MIejsce Zawodniczka Narodowość Punkty % Poprawnych
1 Iga Świątek Polska 11695
100%
3 Aryna Sabalenka Białoruś 7788
92%
2 Coco Gauff Stany Zjednoczone 7988
88%
4 Jelena Rybakina Kazachstan 5973
86%
7 Jasmine Paolini Włochy 4068
78%
10 Ons Jabeur Tunezja 3748
75%
9 Maria Sakkari Grecja 3980
70%
5 Jessica Pegula Stany Zjednoczone 4625
69%
8 Qinwen Zheng Chiny 4005
63%
6 Marketa Vondrousova Czechy 4503
33%
Nie znaleziono quizów pasujących do podanych kryteriów
Rozkład punktacji
Procent ludzi z każdym wynikiem
Percentyl według liczby udzielonych odpowiedzi
Twoja historia wyników
Nie rozwiązałeś tego quizu